| 000 | 00599nam a2200181Ia 4500 | ||
|---|---|---|---|
| 008 | 100920s9999 xx 000 0 und d | ||
| 082 |
_b8979 _a891.43 0 |
||
| 100 | _aअश्क उपेन्द्रनाथ. | ||
| 245 | _aये आदमी ये चुहे. | ||
| 260 |
_bनीलाभ प्रकाशन, इलाहाबाद. _c0 |
||
| 300 |
_a170 _bसाधी |
||
| 365 | _b3 | ||
| 520 | _aहिंदी. | ||
| 630 | _aये आदमी ये चुहे. | ||
| 650 | _aहिंदी. | ||
| 730 | _aये आदमी ये चुहे. | ||
| 942 | _cBOOK | ||
| 999 |
_c676123 _d676120 |
||